Derniers poèmes / (Record no. 157409)

MARC details
000 -LEADER
campo de control de longitud fija 00683nam a22002055i 4500
001 - NÚMERO DE CONTROL
campo de control 157409
003 - IDENTIFICADOR DE NÚMERO DE CONTROL
campo de control ES-MaACL
005 - FECHA Y HORA DE LA ÚLTIMA TRANSACCIÓN
campo de control 20230906210659.0
008 - DATOS DE LONGITUD FIJA--INFORMACIÓN GENERAL
campo de control de longitud fija 040823q18651900fr |||| | fre d
040 ## - FUENTE DE CATALOGACIÓN
Centro catalogador/agencia de origen CAM
Lengua de catalogación spa
Centro/agencia transcriptor CAM
100 1# - ENTRADA PRINCIPAL--NOMBRE DE PERSONA
Nombre de persona Leconte de Lisle, Charles-Marie (
Fechas asociadas al nombre 1818-1894)
9 (RLIN) 71108
245 10 - MENCIÓN DEL TÍTULO
Título Derniers poèmes /
Mención de responsabilidad, etc. Leconte de Lisle.
260 ## - PUBLICACIÓN, DISTRIBUCIÓN, ETC.
Lugar de publicación, distribución, etc. Paris :
Nombre del editor, distribuidor, etc. Alphonse Lemerre, éditeur,
Fecha de publicación, distribución, etc. [s.a.]
300 ## - DESCRIPCIÓN FÍSICA
Extensión 315 p. ;
Dimensiones 16 cm.
490 1# - MENCIÓN DE SERIE
Mención de serie Oeuvres de Leconte de Lisle
596 ## - NOTA AL PIE DE IMPRENTA
NOTA AL PIE DE IMPRENTA El editor ejerce ca. 1865-1900.
830 0# - PUNTO DE ACCESO ADICIONAL DE SERIE-TÍTULO UNIFORME
Título uniforme Oeuvres de Leconte de Lisle
9 (RLIN) 188114
852 ## - LOCALIZACIÓN
Ubicación ES-MaACL
Número de control de estantería F-9142
Nota libre -- Enc. hol., conservando la cub. original
Holdings
Estatus retirado Estado de pérdida Estado de daño No para préstamo Biblioteca de origen Biblioteca actual Ubicación en estantería Fecha de adquisición Fuente de adquisición Total de préstamos Signatura topográfica completa Código de barras Visto por última vez Precio de reemplazo Tipo de ítem Koha
        Biblioteca del Ateneo de Madrid Biblioteca del Ateneo de Madrid Sala Pecera Planta 2 17/01/2008     F-9142 1164726 23/02/2023 23/02/2023 Libro impreso